Statistiche per Città Italiane con Metropolitana

Clicka qui per fare il quiz!

Statistiche generali

  • Questo quiz è stato fatto 117 volte
  • Il punteggio medio è 6 su 7

Statistiche sulle risposte

#KmCittà% Corretto
102.5Milano
100%
60Roma
100%
20.3Napoli
98%
15.1Torino
94%
7.1Genova
82%
13.7Brescia
68%
8.8Catania
62%

Distribuzione punteggi

Percentile per numero di risposta

Percentuale di utenti per punteggio

I tuoi punteggi nel tempo

Non hai fatto questo quiz